00541nam a2200145Ia 4500008004100000020001800041050002700059100002900086245002900115250001200144260004100156300002000197500003400217650014400251120625s9999 xx 000 0 und d a968-15-0008-3 aPT2621.A26 P718 1985 aKafka, Franz, 1883-1924. aEl proceso / Franz Kafka a5a. ed. aMéxico : Editores Mexicanos Unidos a279 p. / 19 cm. aTraducción de: Der prozess. a1.Procesos criminales -- Novela 2.Alegorias local 3.Novela checa -- Siglo XX -- Traducciones al español. local Ì